Los bebés del la familia geométrica = The shape family babies / (Record no. 16296)

MARC details
000 -LEADER
fixed length control field 01987cam a2200433 i 4500
001 - CONTROL NUMBER
control field sjds17936100
003 - CONTROL NUMBER IDENTIFIER
control field sjds
005 - DATE AND TIME OF LATEST TRANSACTION
control field 20161008125751.0
008 - FIXED-LENGTH DATA ELEMENTS--GENERAL INFORMATION
fixed length control field 131108t20142014scua j 000 0 eng
010 ## - LIBRARY OF CONGRESS CONTROL NUMBER
LC control number 2013044817
020 ## - INTERNATIONAL STANDARD BOOK NUMBER
International Standard Book Number 9781628552119 (English hardcover)
020 ## - INTERNATIONAL STANDARD BOOK NUMBER
International Standard Book Number 9781628552201 (English pbk.)
020 ## - INTERNATIONAL STANDARD BOOK NUMBER
International Standard Book Number 9781628552294 (Spanish pbk.)
020 ## - INTERNATIONAL STANDARD BOOK NUMBER
Canceled/invalid ISBN 9781628552386 (English ebook downloadable)
020 ## - INTERNATIONAL STANDARD BOOK NUMBER
Canceled/invalid ISBN 9781628552478 (Spanish ebook downloadable)
020 ## - INTERNATIONAL STANDARD BOOK NUMBER
Canceled/invalid ISBN 9781628552560 (English ebook dual language enhanced)
020 ## - INTERNATIONAL STANDARD BOOK NUMBER
Canceled/invalid ISBN 9781628552652 (Spanish ebook dual language enhanced)
040 ## - CATALOGING SOURCE
Original cataloging agency DLC
Language of cataloging eng
Transcribing agency DLC
Description conventions rda
Modifying agency DLC
042 ## - AUTHENTICATION CODE
Authentication code pcc
050 00 - LIBRARY OF CONGRESS CALL NUMBER
Classification number QA445.5
Item number .H375 2014
082 00 - DEWEY DECIMAL CLASSIFICATION NUMBER
Classification number 516/.15
Edition number 23
100 1# - MAIN ENTRY--PERSONAL NAME
Personal name Haas, Kristin,
Dates associated with a name 1964-
245 14 - TITLE STATEMENT
Title Los bebés del la familia geométrica = The shape family babies /
Statement of responsibility, etc. por/by Kristin Haas ; ilustrado por/ illustrated by Shennen Bersani.
246 #4 - VARYING FORM OF TITLE
Title proper/short title The shape family babies
260 ## - PUBLICATION, DISTRIBUTION, ETC. (IMPRINT)
Place of publication, distribution, etc. Mount Pleasant, SC :
Name of publisher, distributor, etc. Arbordale Publishing,
Date of publication, distribution, etc. c2014.
264 #1 - PRODUCTION, PUBLICATION, DISTRIBUTION, MANUFACTURE, AND COPYRIGHT NOTICE
Place of production, publication, distribution, manufacture Mount Pleasant, SC :
Name of producer, publisher, distributor, manufacturer Sylvan Dell Publishing,
Date of production, publication, distribution, manufacture, or copyright notice [2014]
264 #4 - PRODUCTION, PUBLICATION, DISTRIBUTION, MANUFACTURE, AND COPYRIGHT NOTICE
Date of production, publication, distribution, manufacture, or copyright notice ©2014
300 ## - PHYSICAL DESCRIPTION
Extent 1 volume (unpaged) :
Other physical details color illustrations ;
Dimensions 26 cm
336 ## - CONTENT TYPE
Content type term text
Source rdacontent
337 ## - MEDIA TYPE
Media type term unmediated
Source rdamedia
338 ## - CARRIER TYPE
Carrier type term volume
Source rdacarrier
500 ## - GENERAL NOTE
General note “Incluye 4 páginas de actividades para la enseñanza” – back cover.
520 ## - SUMMARY, ETC.
Summary, etc. "Mr. and Mrs. Shape are expecting a baby, but they are surprised when three arrive! The first is just like Mother Rhombus, the other just like Father Rectangle, the third baby is a different shape. What should her name be? Go on a geometry naming adventure as all the shape family relatives weigh in. Will Cousin Triangle, Aunt Hexagon or Grandma Rhombus have the right angle?"--
Assigning source Amazon.com.
521 1# - TARGET AUDIENCE NOTE
Target audience note Age 4-8.
650 #0 - SUBJECT ADDED ENTRY--TOPICAL TERM
Topical term or geographic name as entry element Shapes
Form subdivision Juvenile literature.
650 #0 - SUBJECT ADDED ENTRY--TOPICAL TERM
Topical term or geographic name as entry element Names, Personal
Form subdivision Juvenile literature.
700 1# - ADDED ENTRY--PERSONAL NAME
Personal name Bersani, Shennen,
Relator term illustrator.
942 ## - ADDED ENTRY ELEMENTS (KOHA)
Source of classification or shelving scheme Dewey Decimal Classification
Koha item type Libro/Book
Holdings
Withdrawn status Lost status Damaged status Not for loan Home library Current library Shelving location Date acquired Total Checkouts Total Renewals Full call number Barcode Date last seen Date checked out Price effective from Koha item type
        San Juan Del Sur -- Biblioteca San Juan Del Sur -- Biblioteca Children's Area 06/08/2014 20   CAJA ESPANOL 30005916 23/11/2018 19/11/2018 06/08/2014 Libro/Book

Powered by Koha